| 000 | 00833nam a22002533a 4500 | ||
|---|---|---|---|
| 005 | 20240612064101.0 | ||
| 008 | 010531s2000 es r 000 0 spa d | ||
| 020 | _a8433012614 | ||
| 035 | _aUPN01000116616 | ||
| 049 | _aCG | ||
| 050 | 4 |
_aLB1707 _bB8.3 2000 |
|
| 100 | 1 |
_aBuxarrais Estrada, María Rosa _941779 |
|
| 245 | 1 | 3 |
_aLa formación del profesorado en educación en valores : _bpropuesta y materiales / _cMa. Rosa Buxarrais. |
| 250 | _a2a ed. | ||
| 260 |
_aBilbao, Esp. : _bDesclée de Brouwer, _c2000. |
||
| 300 | _a189 p. | ||
| 440 | 0 | _aAprender a ser | |
| 590 | _a(También localizas un ejemplar en el "Area de Reserva") | ||
| 590 | _aBibliografía Básica (BGTQ) | ||
| 650 | 4 |
_aMaestros en servicio, Formación de _9390 |
|
| 650 | 4 |
_aEducación moral _91396 |
|
| 650 | 2 |
_aValores morales _95323 |
|
| 905 | _aLibro | ||
| 999 |
_c89353 _d89353 |
||